00714nam a22001815i 450000100060000000300090000600500170001500700030003200800410003504000200007610000190009624500920011526000420020730000210024950001100027065000250038085201270040548483ES-MaACL20230906161747.0t|950721s1868 fr ||||1| fre d aCAM bspa cCAM1 aDelanoüe, J.10aNote sur la constitution géologique des environs de Thèbes / cpar M.J. Delanoüe. aParis : bGauthier-Villars, c[1868?] a14 p. ; c25 cm. aComptes rendus des séances de l'Académie des Sciences, t. LXVXII, p. 701, séance du 5 octobre 1868. 4aGeología-zEgipto. aES-MaACLjT-898-F-1 z.- Legado de Federico de Botella y de Hornos z.- Enc. en un vol. facticio falto de la cub. original